LEADER 01263nam a2200313 u 4500 001 000000077748 003 CaOOAMICUS 005 20070226123344.0 008 040226r20011953mau u000 u eng u 020 $a0631231595 035 $a10985518 040 $aPUL$bita 041 1 $aeng$hger 100 1 $aWittgenstein, Ludwig,$d1889-1951.$0(OLS)http://pul/name/8445 240 10$aPhilosophische untersuchungen.$lInglese.$0(OLS)http://pul/title/101947 245 10$aPhilosophical investigation /$cby Ludwig Wittgenstein ; translated by G. E. M. Anscombe. 250 $a3d ed. 260 $aMalden :$bBlackwell,$c2001. 300 $a246 p. ;$c23 cm 500 $aFino a 194 paginazione doppia. 500 $a"50th anniversary commemorative edition". 546 $aTesto in tedesco con traduzione in inglese a fronte. 700 1 $aAnscombe, G.E.M.$0(OLS)http://pul/name/44568 850 $aPUL 852 $aPUL$W1$xSL Filosofia 1$y2$m88 N 16$j99817$nBK-PRI$b $qStampati$B99817$CPULBib$Z2$F99817 $HPUL93497 $81 941 1 $a8 996 $6020$a0631231595$9(OLS)http://pul/number/101962 996 $6245$aPhilosophical investigation$9(OLS)http://pul/title/101948 996 $6260$aMalden :$bBlackwell$9(OLS)http://pul/publisher/75210 LEADER 01718nam a2200349 a 4500 001 000000124984 003 CaOOAMICUS 005 20110408141412.0 008 110408s2010 it u000 u ita r 020 $a978-88-7180-895-6 040 $aPUL$bita 041 1 $aita$hlat$aita 082 04$a234 110 2 $aAteneo Pontificio Regina Apostolorum.$bAtti del convegno$c(2010 :$dRoma).$0(OLS)http://pul/name/78982 245 13$aLa dichiarazione "Dominus Iesus" a dieci anni dalla promulgazione :$bAtti del Convegno tenuto prsso l'Ateneo Pontificio Regina Apostolorum Roma, 11-12 marzo 2010 /$cMauro Gagliardi, ed. 260 $aTorino :$bLindau,$cİ2010. 300 $a431 p. ;$c21 cm. 490 1 $aI pellicani 500 $aCon il testo latino-italiano della Dichiarazione. 504 $aBibliografia in nota. 546 $aTesto della dichiarazione in latino con traduzione italiana. 600 04$aBenedictus PP. XVI,$d1927-2022$xDiscorsi.$0(OLS)http://pul/subject/36551 700 1 $aGagliardi, Mauro,$csac.,$b1975-$0(OLS)http://pul/name/73956 830 2$aI Pellicani (Lindau).$0(OLS)http://pul/title/136966 850 $aPUL 852 $aPUL$W1$xSL Religione 3$y85$m234 GAGMA 1$j143880$qDDC 21$B142933$CPULBib$Z2$F142933 $H115962 $82 941 1 $a9 996 $6020$a978-88-7180-895-6$9(OLS)http://pul/number/146889 996 $6082$a234$9(OLS)http://pul/classification/573 996 $6245$aLa dichiarazione "Dominus Iesus" a dieci anni dalla promulgazione :$bAtti del Convegno tenuto prsso l'Ateneo Pontificio Regina Apostolorum Roma, 11-12 marzo 2010$9(OLS)http://pul/title/157561 996 $6260$aTorino :$bLindau$9(OLS)http://pul/publisher/70945